[Event "Veneto-ch qf 81st"]
[Site "Verona"]
[Date "2022.05.08"]
[Round "5.14"]
[White "Zanotto, Enrico"]
[Black "Righi, Francesco"]
[Result "1-0"]
[WhiteElo "1896"]
[BlackElo "1781"]
[PlyCount "43"]
[EventDate "2022.05.06"]
[EventType "swiss"]
[EventRounds "5"]
[EventCountry "ITA"]
[SourceTitle "EXT 2024"]
[Source "ChessBase"]
[SourceDate "2023.10.10"]
[SourceVersion "1"]
[SourceVersionDate "2023.10.10"]
[SourceQuality "1"]

1. e4 c5 2. d4 cxd4 3. c3 dxc3 4. Nxc3 Nc6 5. Nf3 d6 6. Bc4 e6 7. 0-0 Be7 8. Qe2 a6 9. Rd1 Qc7 10. Bf4 Nf6 11. Rac1 0-0 12. e5 dxe5 13. Nxe5 Nxe5 14. Bxe5 Qa5 15. Rd3 Rd8 16. Rg3 b5 17. Bd3 Bb7 18. Qe3 b4 19. Bxh7+ Kxh7 20. Qg5 g6 21. Rh3+ Nh5 22. Rxh5+ 1-0

[Event "Province VR 80th"]
[Site "Zevio Verona"]
[Date "2020.01.25"]
[Round "3.5"]
[White "Macalello, Angelo"]
[Black "Righi, Francesco"]
[Result "0-1"]
[WhiteElo "1616"]
[BlackElo "1806"]
[PlyCount "104"]
[EventDate "2020.01.24"]
[EventType "swiss"]
[EventRounds "5"]
[EventCountry "ITA"]
[SourceTitle "EXT 2024"]
[Source "ChessBase"]
[SourceDate "2023.10.10"]
[SourceVersion "1"]
[SourceVersionDate "2023.10.10"]
[SourceQuality "1"]

1. f4 d5 2. Nf3 c5 3. e3 Nc6 4. Bb5 Bd7 5. 0-0 e6 6. Nc3 Nge7 7. Bxc6 Nxc6 8. Ne5 Be7 9. d4 0-0 10. Ne2 f6 11. Nxc6 Bxc6 12. Rf3 Qc7 13. c3 Bb5 14. Ng3 Rad8 15. Nh1 e5 16. Rh3 Bd7 17. g4 cxd4 18. exd4 exf4 19. Nf2 Bd6 20. Qd3 g6 21. Rh6 Rf7 22. Bd2 Re8 23. Rf1 Qb6 24. b3 f5 25. g5 Qd8 26. h4 Bf8 27. Qh3 Bb5 28. Rc1 Qd6 29. Qh2 f3 30. Bf4 Qe6 31. Be5 Bg7 32. Re1 Be2 33. h5 Bxe5 34. dxe5 Qxe5 35. Qxe5 Rxe5 36. hxg6 hxg6 37. Nh3 Re4 38. Kf2 Rg4 39. Rg1 Kg7 40. Rg3 Rc7 41. Rxg4 fxg4 42. Ng1 Ba6 43. Rh4 Rxc3 44. Rxg4 Rc2+ 45. Kxf3 Rxa2 46. Rb4 b6 47. Ke3 Kf7 48. Ra4 Rxa4 49. bxa4 Ke6 50. Kd4 b5 51. axb5 Bxb5 52. Nf3 Bc4 0-1

[Event "Province VR 80th"]
[Site "Zevio Verona"]
[Date "2020.01.25"]
[Round "2.8"]
[White "Righi, Francesco"]
[Black "Goldoni, Claudio"]
[Result "1/2-1/2"]
[WhiteElo "1806"]
[BlackElo "1825"]
[PlyCount "50"]
[EventDate "2020.01.24"]
[EventType "swiss"]
[EventRounds "5"]
[EventCountry "ITA"]
[SourceTitle "EXT 2024"]
[Source "ChessBase"]
[SourceDate "2023.10.10"]
[SourceVersion "1"]
[SourceVersionDate "2023.10.10"]
[SourceQuality "1"]

1. e4 e5 2. Nf3 Nc6 3. Bb5 g6 4. Bxc6 dxc6 5. d4 exd4 6. Qxd4 Qxd4 7. Nxd4 Bg7 8. c3 Nf6 9. f3 Bd7 10. Bf4 0-0-0 11. Na3 Rhe8 12. 0-0-0 b5 13. g4 a6 14. Rhe1 h5 15. g5 Nh7 16. Nac2 Nf8 17. Nb3 Ne6 18. Be3 Bf8 19. Nb4 Bd6 20. Rd2 Be7 21. h4 Rf8 22. e5 Bxb4 23. cxb4 Rfe8 24. f4 Re7 25. Bc5 Ree8 1/2-1/2

[Event "Verona op-B"]
[Site "Verona"]
[Date "2019.01.06"]
[Round "7"]
[White "Madiai, Filippo"]
[Black "Righi, Francesco"]
[Result "1-0"]
[WhiteElo "1773"]
[BlackElo "1864"]
[PlyCount "37"]
[EventDate "2019.01.02"]
[EventType "swiss"]
[EventRounds "7"]
[EventCountry "ITA"]
[SourceTitle "EXT 2021"]
[Source "ChessBase"]
[SourceDate "2020.10.23"]
[SourceVersion "1"]
[SourceVersionDate "2020.10.23"]
[SourceQuality "1"]

1. d4 Nf6 2. Bg5 Ne4 3. Bf4 g6 4. f3 Nf6 5. e4 d6 6. Nc3 Bg7 7. Qd2 h5 8. 0-0-0 Nc6 9. Bb5 a6 10. Ba4 b5 11. Bb3 e5 12. dxe5 Nd7 13. Qd5 Ndxe5 14. Bxe5 Nxe5 15. Qxa8 0-0 16. Nge2 b4 17. Nd5 c6 18. Qxc8 Qa5 19. Qc7 1-0

[Event "Verona op-B"]
[Site "Verona"]
[Date "2019.01.04"]
[Round "4"]
[White "Gneo, Marco"]
[Black "Righi, Francesco"]
[Result "0-1"]
[WhiteElo "1711"]
[BlackElo "1864"]
[PlyCount "30"]
[EventDate "2019.01.02"]
[EventType "swiss"]
[EventRounds "7"]
[EventCountry "ITA"]
[SourceTitle "CBM 188 Extra"]
[Source "ChessBase"]
[SourceDate "2019.02.26"]
[SourceVersion "1"]
[SourceVersionDate "2019.02.26"]
[SourceQuality "1"]

1. d4 Nf6 2. c4 g6 3. Nc3 Bg7 4. e4 d6 5. Be2 0-0 6. Bg5 h6 7. Be3 e5 8. d5 a5 9. a3 Bd7 10. b3 b6 11. g4 Nh7 12. Qd2 Qh4 13. Nf3 Qxg4 14. Nxe5 Qg2 15. Bf3 Qh3 0-1

[Event "Verona op-B"]
[Site "Verona"]
[Date "2019.01.03"]
[Round "2"]
[White "Del Nevo, Claudio"]
[Black "Righi, Francesco"]
[Result "1-0"]
[WhiteElo "1670"]
[BlackElo "1864"]
[PlyCount "75"]
[EventDate "2019.01.02"]
[EventType "swiss"]
[EventRounds "7"]
[EventCountry "ITA"]
[SourceTitle "CBM 188 Extra"]
[Source "ChessBase"]
[SourceDate "2019.02.26"]
[SourceVersion "1"]
[SourceVersionDate "2019.02.26"]
[SourceQuality "1"]

1. d4 Nf6 2. Nf3 g6 3. Bg5 Bg7 4. Bxf6 Bxf6 5. e3 d6 6. Bd3 Nd7 7. c3 c5 8. Qc2 a6 9. Nbd2 b5 10. h4 Bb7 11. h5 c4 12. Be2 e5 13. hxg6 hxg6 14. Rxh8+ Bxh8 15. 0-0-0 Qe7 16. dxe5 dxe5 17. Ne4 0-0-0 18. Nd6+ Kb8 19. Nxb7 Kxb7 20. Qe4+ Kc7 21. Nd4 Qc5 22. Nc2 f5 23. Qf3 e4 24. Qg3+ Ne5 25. Nd4 Rd6 26. Qh4 Bf6 27. Qh7+ Kb6 28. Qg8 Qc7 29. Qf8 Nd3+ 30. Bxd3 cxd3 31. Rh1 Bxd4 32. exd4 Rxd4 33. Rh8 Rd6 34. Kd2 b4 35. c4 a5 36. Qa8 Qa7 37. c5+ Ka6 38. cxd6 1-0

[Event "IECG CP.2000.P.00117"]
[Site "IECG email"]
[Date "2000.10.01"]
[Round "?"]
[White "Righi, Francesco"]
[Black "Castillo, German"]
[Result "0-1"]
[WhiteElo "1421"]
[BlackElo "1803"]
[PlyCount "58"]
[EventDate "2000.10.01"]
[EventType "tourn (corr)"]
[EventRounds "6"]
[EventCountry "ARG"]
[SourceTitle "Corr 2008"]
[Source "ChessBase"]
[SourceDate "2008.06.24"]
[SourceVersion "1"]
[SourceVersionDate "2008.06.24"]
[SourceQuality "1"]

1. e4 c5 2. f4 e6 3. Nf3 Nc6 4. c3 d5 5. exd5 Qxd5 6. Bb5 Nf6 7. 0-0 Bd7 8. Qe2 Bd6 9. d4 cxd4 10. Nxd4 Nxd4 11. Bxd7+ Nxd7 12. cxd4 Qxd4+ 13. Be3 Qxe3+ 14. Qxe3 Bc5 15. Re1 Bxe3+ 16. Rxe3 0-0 17. Nc3 Nf6 18. Rd1 Rfd8 19. Red3 Rxd3 20. Rxd3 Rc8 21. Kf2 h5 22. Ke2 Kf8 23. Rd4 Ke7 24. Rb4 b6 25. Ra4 a5 26. Kd3 Nd5 27. Nxd5+ exd5 28. b4 Rc4 29. Ra3 Rxb4 0-1

[Event "IECG CP.2000.P.00117"]
[Site "IECG email"]
[Date "2000.10.01"]
[Round "?"]
[White "Righi, Francesco"]
[Black "Wolff, Steven D"]
[Result "0-1"]
[WhiteElo "1421"]
[BlackElo "2215"]
[PlyCount "119"]
[EventDate "2000.10.01"]
[EventType "tourn (corr)"]
[EventRounds "6"]
[EventCountry "ARG"]
[SourceTitle "Corr 2008"]
[Source "ChessBase"]
[SourceDate "2008.06.24"]
[SourceVersion "1"]
[SourceVersionDate "2008.06.24"]
[SourceQuality "1"]

1. e4 d6 2. c3 Nf6 3. Qc2 g6 4. d4 Bg7 5. f4 0-0 6. Nf3 Nfd7 7. Bd3 e5 8. 0-0 Nc6 9. fxe5 dxe5 10. d5 Ne7 11. Ng5 h6 12. Nf3 f5 13. Be3 f4 14. Bf2 g5 15. Nbd2 Ng6 16. c4 g4 17. Ne1 Nf6 18. c5 Nh5 19. Rd1 g3 20. hxg3 fxg3 21. Be3 Nhf4 22. Ndf3 h5 23. Bc4 Kh8 24. Nd3 Bg4 25. Nxf4 exf4 26. Bd4 Bxd4+ 27. Rxd4 Bxf3 28. gxf3 Nh4 29. d6 Qd7 30. Qc3 Kh7 31. e5 Qh3 32. Rd2 g2 33. Qc2+ Rf5 34. Rxg2 Nxg2 35. Qxg2 Qxg2+ 36. Kxg2 Rxe5 37. b4 cxd6 38. cxd6 Rd8 39. Rd1 Kg7 40. Rd4 Rf5 41. a4 Rf6 42. d7 Kf8 43. a5 Ke7 44. Bb5 Rf5 45. Re4+ Kd6 46. Ba4 b5 47. axb6 axb6 48. Rd4+ Rd5 49. Rxf4 b5 50. Bb3 Rg5+ 51. Kh3 Rxd7 52. Bf7 Ke5 53. Re4+ Kf6 54. f4 Rg1 55. Be8 Rdd1 56. Bxb5 Rh1+ 57. Kg2 h4 58. Bc6 h3+ 59. Kg3 Rd3+ 60. Kf2 0-1